Fundamentals of information technology : (Record no. 155220)

MARC details
000 -LEADER
fixed length control field 00603nam a22001937a 4500
005 - DATE AND TIME OF LATEST TRANSACTION
control field 20180731171045.0
008 - FIXED-LENGTH DATA ELEMENTS--GENERAL INFORMATION
fixed length control field 180731b xxu||||| |||| 00| 0 eng d
010 ## - LCCN (DPL NO)
LC control number B-220793
020 ## - INTERNATIONAL STANDARD BOOK NUMBER
Terms of availability 0.00
International Standard Book Number 8189253093
035 ## - SYSTEM CONTROL NUMBER
System control number B-220793
040 ## - CATALOGING SOURCE
Original cataloging agency dpl
Language of cataloging English
082 ## - DEWEY DECIMAL CLASSIFICATION NUMBER
Classification number 004
100 ## - MAIN ENTRY--PERSONAL NAME
Personal name Ritendra goel
245 ## - TITLE STATEMENT
Title Fundamentals of information technology :
Statement of responsibility, etc by Ritendra goel
260 ## - PUBLICATION, DISTRIBUTION, ETC. (IMPRINT)
Place of publication, distribution, etc New Delhi
Name of publisher, distributor, etc Paragon international publishers
Date of publication, distribution, etc 2005
270 ## - ADDRESS
Address 5, Ansari road, daryaganj,
City New Delhi
Postal code 110002
300 ## - PHYSICAL DESCRIPTION
Extent x, 426p.
Dimensions 23cm (Hb)
942 ## - ADDED ENTRY ELEMENTS (KOHA)
Source of classification or shelving scheme Dewey Decimal Classification
Item type English Books
Call number suffix GOE
Classification part 004
Holdings
Withdrawn status Lost status Source of classification or shelving scheme Damaged status Not for loan Collection code Home library Current library Date acquired Source of acquisition Cost, normal purchase price Total Checkouts Full call number Barcode Date last seen Cost, replacement price Koha item type
    Dewey Decimal Classification     Non-fiction Shahdara Branch Shahdara Branch 31/07/2018 BPPD/PUB 0.00 1 004 GOE B-220793 14/08/2018 0.00 English Books

© Delhi Public Library
Hit Counter
free hit counter